000 00319 a2200133 4500
000 nam a22 7a 4500
100 _aKenny, Pickering
110 _aKenny, Pickering
245 _aEssentials of Biochemistry
250 _alatest edition
260 _bBRILLIANCE
_c2026
264 _bBRILLIANCE
_c2026
942 _cBK
999 _c394080
_d394080